| 000 | 01491nam a22002537a 4500 | ||
|---|---|---|---|
| 005 | 20120119105052.0 | ||
| 010 | _aB-445837-841 | ||
| 020 |
_a9780143029465 _c399.00 |
||
| 035 | _aB-445837-841 | ||
| 037 |
_adpl _b Allied Pub/Ven |
||
| 082 | _a337 | ||
| 100 |
_aStiglitz, Joseph E. _940998 |
||
| 245 |
_aGlobalization and its discontents / _cby Joseph E.Stiglitz |
||
| 260 |
_aNew Delhi _bPenguin Books _c2002 |
||
| 270 |
_a11 Community Centre, Panchsheel Park _bNew Delhi _e110017 |
||
| 300 |
_axvi,282p. _c22cm. |
||
| 942 |
_2ddc _cCH _mSTI _h337 |
||
| 999 |
_c61145 _d61145 |
||